|
|
|
|
| LEADER |
01088nam a2200229 a 4500 |
| 001 |
GR-Patra33944 |
| 008 |
880120s1989 nyu b 001 b eng d |
| 020 |
|
|
|a 0471624713
|
| 082 |
|
0 |
|1 Χμικβιομχανια:Χμικμχανικ-Εξοπλισμος
|a 660.283
|
| 100 |
1 |
|
|a Jawad, Maan H.
|
| 245 |
1 |
0 |
|a Structural analysis and design of process equipment /
|c Maan H. Jawad, James R. Farr.
|
| 250 |
|
|
|a 2nd ed.
|
| 260 |
|
|
|a New York :
|b Wiley,
|c c1989
|
| 300 |
|
|
|a xxii, 722 σ. :
|b εικ. ;
|c 24 εκ.
|
| 504 |
|
|
|a Includes bibliographical refernces και ευρετήριο.
|
| 650 |
|
4 |
|a Χημική βιομηχανία:Χημική μηχανική-Εξοπλισμός-Σύμβολα
|
| 653 |
|
|
|a ΧΗΜΙΚΗ ΜΗΧΑΝΙΚΗ - ΧΗΜΙΚΗ ΤΕΧΝΟΛΟΓΙΑ
|2 local
|
| 700 |
1 |
|
|a Farr, James R
|
| 942 |
|
|
|2 ddc
|
| 952 |
|
|
|0 0
|1 0
|2 ddc
|4 0
|6 660_283000000000000_JAN
|7 1
|9 316205
|a LISK
|b LISK
|c BSC
|d 2021-01-17
|e 24
|f 0
|g 0.00
|l 0
|o 660.283 JAN
|p 92410052245
|r 2021-01-17 00:00:00
|t 1
|w 2021-01-17
|y BKN
|x 20130726 0 0
|x GrPaTEI
|
| 971 |
|
|
|a .b26815163
|b 15-04-20
|c 27-09-16
|
| 999 |
|
|
|c 180090
|d 180090
|